| 000 | 01066nam a2200205Ia 4500 | ||
|---|---|---|---|
| 001 | b464-23829 [2644] | ||
| 003 | IT-MiCISF | ||
| 008 | 161014s9999||||xx |||||||||||||| ||und|| | ||
| 040 |
_aIT-MiCISF _cIT-MiCISF |
||
| 041 | _ait | ||
| 100 | _aVerdiglione Armando (a cura di) | ||
| 245 | 0 |
_aSessualità e politica _bDocumenti del Congresso internazionale di psicanalisi, Milano 25-28 novembre 1975 |
|
| 250 | _a1a ed. | ||
| 260 |
_a Milano _bFeltrinelli _c1976 |
||
| 300 | _app. 377 | ||
| 500 | _aVerdiglione A., Gentis R., Torrubia H., Perrella E., Garcia R., Castelli R., Roig A., Gallano C., Tosquelles F., Cooper D., Pankow G., Oury J., schefer J.-L., schatzman M., esterson A., bauleo A., irigaray L., macciocchi m.A., sollers P., rescio A., major R., tagliaferri A., stein C., castilla del Pino C., rossi L., bassi I., bonecchi A., fachinelli E., rosolato G. / sessualità, teoria, politica, omosessualità, legislazione, comportamento-sessuale, rapporti-uomo-donna, psicoanalisi / | ||
| 650 | _asessualità | ||
| 942 | _cBK | ||
| 957 | _71 | ||
| 999 |
_a23829 _bsi _g1 _c212595 _d212595 |
||